01099nab a22002417a 4500999001500000003000400015005001700019008004100036040000700077100002600084245007500110260007300185300001500258500002800273505018900301505008200490650002300572650003000595650002900625700003500654773015500689942001300844 c5600d5600OSt20251222091451.0190429b xxu||||| |||| 00| 0 spa d cPJ 94528aGerome, Eduardo13aLa estafa por medios informáticos /cEduardo Gerome, Luciana Govoni. cCiudad Autónoma de Buenos Aires :aThomson Reuters La Ley, b2025. ap. 157-164 aCita: AR/DOC/1345/2025. aSumario: I. Introducción.— II. Análisis de la reforma.— III. Derecho comparado.— IV. Acción típica.— V. Perjuicio patrimonial.— VI. Competencia.— VII. Conclusiones. tSi te interesa el texto completo, solicitalo a koha@justierradelfuego.gov.ar  09343aDERECHO PENAL 09278aDELITOS INFORMATICOS 09273aDERECHO INFORMATICO 96578aGovoni, Lucianaecoautor0 0265893164tRevista de derecho penal y criminología. Nº 6 - Julio 2025dCiudad Autónoma de Buenos Aires : Thomson Reuters La Ley, 2017-x00347914 2udccANA